[Event "Chessable Masters by chess24-B"]
[Site "Online"]
[Date "2020.06.19"]
[Round "4.2"]
[White "Giri, Anish"]
[Black "Nepomniachtchi, Ian"]
[Result "1/2-1/2"]
[WhiteElo "2731"]
[BlackElo "2778"]
[Annotator "TA"]
[PlyCount "84"]
[EventDate "2020.06.20"]
[EventType "tourn"]
[SourceTitle "playchess.com"]
[Source "ChessBase"]
[SourceQuality "1"]

{[%evp 24,84,24,12,19,9,10,9,14,11,25,10,12,10,14,15,8,16,14,6,14,0,0,0,0,0,0,0,0,0,0,0,0,0,0,0,0,0,0,0,0,0,0,0,0,0,0,0,0,0,0,0,0,0,0,0,0,0,0,0,0,0,0]} 1. d4 Nf6 2. c4 e6 3. Nf3 d5 4. g3 Be7 5. Bg2 O-O 6. O-O dxc4 7. Qc2 a6 8. a4 Bd7 9. Qxc4 Bc6 10. Bg5 Nbd7 11. Nc3 h6 12. Bxf6 Nxf6 13. b4 Bd5 {E05: Open Catalan: 5 Nf3 Be7.} 14. Nxd5 exd5 15. Qb3 c6 16. e3 Bd6 17. Rfd1 Re8 {[#] The position is equal.} 18. b5 $146 ({Predecessor:} 18. Ne1 Qd7 19. Nd3 h5 20. b5 h4 21. bxc6 bxc6 22. Qc2 a5 23. Rdc1 Rac8 24. Nc5 {1-0 (45) Lopez Tascon,M (2141)-Villar Ramos,E (2252) ICCF email 2008}) 18... axb5 19. axb5 Rxa1 20. Rxa1 Qb6 21. Ne1 Ne4 22. Bxe4 dxe4 23. Rb1 c5 24. Nc2 cxd4 25. Nxd4 Be5 26. Qd5 Bxd4 27. Qxd4 Qxd4 28. exd4 $11 {[%mdl 4096] Endgame KR-KR} Rd8 29. Rc1 Rxd4 30. Rc8+ Kh7 31. Rc7 b6 32. Rxf7 e3 33. fxe3 Rd5 34. Rb7 Rxb5 35. Kg2 Kg6 36. Kf3 Kf6 37. h4 h5 38. Kf4 Rf5+ 39. Ke4 Re5+ 40. Kf4 Rf5+ 41. Ke4 Re5+ 42. Kf4 Rf5+ {An uneventful encounter. Accuracy: White = 100%, Black = 100%.} 1/2-1/2

[Event "Chessable Masters by chess24-B"]
[Site "Online"]
[Date "2020.06.19"]
[Round "4.3"]
[White "Radjabov, Teimour"]
[Black "Caruana, Fabiano"]
[Result "0-1"]
[WhiteElo "2758"]
[BlackElo "2773"]
[Annotator "TA"]
[PlyCount "228"]
[EventDate "2020.06.20"]
[EventType "tourn"]
[SourceTitle "playchess.com"]
[Source "ChessBase"]
[SourceQuality "1"]

{[%evp 10,228,6,4,11,0,0,0,0,0,0,0,0,0,6,0,0,0,0,0,10,8,7,8,13,0,0,-12,-4,0,0,0,8,13,24,38,29,27,41,42,37,35,62,54,39,0,12,-8,14,10,25,37,44,48,45,21,12,0,10,0,0,0,0,0,8,0,0,0,0,0,0,0,0,0,11,-25,0,0,0,-6,0,0,0,-18,0,-4,-8,-13,0,0,0,0,0,0,0,0,0,0,0,0,0,0,0,0,0,0,0,0,0,0,0,0,0,0,0,-54,0,0,0,0,0,0,0,0,0,0,0,0,0,0,0,0,0,0,0,0,0,0,0,0,0,0,0,0,0,0,0,0,0,0,0,0,0,0,0,0,0,0,0,0,0,0,0,0,0,0,0,0,0,0,0,0,0,0,0,0,0,0,0,0,0,0,0,0,0,0,0,0,0,0,0,0,0,0,0,0,0,0,0,0,0,0,0,0,0,0,0,0,0,-27992,-27992,-27994,-27994,-27995,-27995,-27996,-27996,-27999,-27998,-27999,-27999]} 1. d4 Nf6 2. Nf3 d5 3. c4 e6 4. e3 Be7 5. b3 O-O 6. Bb2 c5 {A13: English Opening: 1...e6.} 7. Bd3 dxc4 {7...cxd4 is a critical line.} 8. bxc4 Nc6 {The position is equal.} 9. O-O Nb4 $5 {[%mdl 4] An interesting side line.} 10. Be2 b6 11. Nbd2 Bb7 12. a3 Nc6 {[%cal Bb4c6,Bc6e7,Be7g6,Bg6f4][%mdl 32] [#]} 13. Rc1 $146 ({Predecessor:} 13. Bd3 Qc7 14. Qe2 Rad8 15. Nb3 Bd6 16. d5 Ne5 17. Nxe5 Bxe5 18. Bxe5 Qxe5 19. e4 exd5 20. exd5 {½-½ (31) Arutinian,D (2527)-Melkumyan,H (2624) Yerevan 2017}) 13... Rc8 14. Re1 cxd4 15. exd4 Bd6 16. Bd3 Bf4 17. Rc2 Ne7 18. Ne4 (18. Qa1 {feels hotter.} b5 19. c5 Bc6 20. Qd1 a5 21. Qe2) 18... Nxe4 19. Bxe4 Bxe4 20. Rxe4 Ng6 21. h4 Bb8 22. h5 Nf4 23. h6 $1 {[%cal Rh6g7] aiming for hxg7.} Qf6 $1 {[%cal Rf6g6]} 24. g3 Qg6 25. hxg7 Rfd8 26. Re3 ({Worse is} 26. Rxf4 Bxf4 27. Qe2 Bd6 $17) 26... Qg4 27. Qf1 h5 28. Kh2 Ng6 29. Qh3 b5 30. c5 Ne7 31. Qxg4 hxg4 32. Nh4 Nd5 33. Re1 (33. Re4 {seems wilder.} Nf6 34. Re1 Kxg7 35. Ng2 Rh8+ 36. Kg1) 33... Bc7 34. Ng2 (34. Rce2 {is more complex.} Rb8 35. Ng2 b4 36. axb4 Rxb4 37. Ne3) 34... Kxg7 35. Ne3 Nxe3 $1 36. Rxe3 Kg6 37. Bc3 Rd5 38. Kg2 Rh8 39. Rb2 a6 40. a4 Rb8 41. axb5 axb5 42. Re1 e5 43. dxe5 Rxc5 44. Re3 Kf5 {[%cal Rc7e5]} 45. f3 Rc4 46. Rbe2 b4 47. fxg4+ Ke6 48. Bb2 b3 49. Kf3 Bd8 50. Rd3 Be7 51. Rh2 {[#] And now Rh6+ would win.} Bf8 52. g5 Rc2 53. Rdd2 Rbc8 54. Ke4 R2c4+ 55. Kf3 Kf5 56. Rhe2 Rc2 57. e6 Rxd2 58. Rxd2 fxe6 $11 {[%mdl 4096] Endgame KRB-KRB} 59. Rd3 Rb8 60. Re3 Rb6 61. Re1 Kxg5 62. Ke4 (62. Bd4 $11 Rd6 63. Ke4) 62... Bd6 ({Black should play} 62... Be7 $15 63. Kd4 Rc6) 63. Bd4 Ra6 64. Kd3 Bxg3 65. Rb1 e5 {White must now prevent ...Rd6.} 66. Bc5 Rc6 67. Be3+ Kg4 68. Rxb3 Kf3 69. Bd4 Bf4 $2 {[%mdl 8192]} (69... e4+ $11 70. Kd2+ Kg4) 70. Bxe5 Bxe5 {KRB-KR} 71. Ra3 Rc8 72. Rb3 Rd8+ 73. Kc4+ $2 {[%mdl 8192]} (73. Kc2+ $11 Ke4 74. Rb1) 73... Ke4 74. Kb5 $2 {[%mdl 8192]} (74. Rb4 $11) 74... Kd5 75. Rd3+ Bd4 76. Rb3 $2 {[%mdl 8192]} (76. Rd2 $11) 76... Ra8 77. Kb4 $2 {[%mdl 8192]} (77. Rb4 $11) 77... Rb8+ 78. Ka4 Bb6 79. Kb4 $2 {[%mdl 8192]} (79. Rb5+ $11 Kc6 80. Rb4) 79... Kd4 80. Ka4 Kc5 {[%cal Rb8a8]} 81. Rc3+ Kd5 82. Rb3 Kc6 (82... Ra8+ {is more complex.}) 83. Rb1 $2 {[%mdl 8192]} (83. Rc3+ $11 Bc5 84. Rc2) 83... Rh8 84. Kb4 $2 {[%mdl 8192]} (84. Rc1+ $11 Bc5 85. Kb3) 84... Bd4 85. Kc4 $2 {[%mdl 8192]} (85. Rc1+ $11 Kd5 86. Kb3) 85... Rh4 86. Rd1 $2 {[%mdl 8192]} (86. Kd3 $11) 86... Be5+ 87. Kd3 $2 {[%mdl 8192]} (87. Kb3 $11) 87... Kd5 88. Ke3+ $2 {[%mdl 8192]} (88. Kc2+ $11 Bd4 89. Kb3) 88... Bd4+ 89. Kf3 Ke5 90. Rf1 $2 {[%mdl 8192]} (90. Re1+ $11 Kf5 91. Rf1) 90... Re4 91. Kg3 $2 {[%mdl 8192]} (91. Rd1 $11) 91... Re3+ 92. Kg4 $2 {[%mdl 8192]} (92. Rf3 $11) 92... Ke4 93. Rf4+ $2 {[%mdl 8192]} (93. Rd1 $11) 93... Kd5 94. Rf3 $2 {[%mdl 8192]} (94. Rf5+ $11 Kc4 95. Rf1) 94... Re8 95. Kf5 $2 {[%mdl 8192]} (95. Rf5+ $11 Ke4 96. Rf4+ Kd3 97. Rf5) 95... Rg8 96. Rf4 $2 {[%mdl 8192]} (96. Rd3 $11) 96... Be5 97. Rf3 Bd4 98. Rf4 $2 {[%mdl 8192]} (98. Rd3 $11) 98... Be3 (98... Rg2 {is interesting.}) 99. Rg4 $2 {[%mdl 8192]} (99. Rf3 $11) 99... Rf8+ 100. Kg6 Bd4 101. Rh4 $2 {[%mdl 8192]} (101. Rg5+ $11 Be5 102. Rf5) 101... Be5 102. Ra4 $2 {[%mdl 8192]} (102. Rh5 $11) 102... Ke6 103. Rg4 $2 {[%mdl 8192]} (103. Ra6+ $11 Bd6 104. Ra2) 103... Rh8 (103... Kd5 {with more complications.}) 104. Kg5 $2 {[%mdl 8192]} (104. Rg5 $11) 104... Rf8 105. Kg6 Bf4 106. Kg7 $2 {[%mdl 8192]} (106. Rh4 $11) 106... Rf7+ 107. Kg8 Be5 108. Rg6+ $1 Bf6 109. Rg3 $2 {[%mdl 8192] [#]} (109. Rg2 $11) 109... Ra7 $1 {Black mates.} 110. Re3+ Be5 111. Rf3 Rg7+ 112. Kf8 Rg4 {( -> ...Bd6+)} 113. Re3 Ra4 {[%cal Ra4a8]} 114. Kg8 Rh4 {Accuracy: White = 70%, Black = 98%.} 0-1

[Event "Chessable Masters by chess24-B"]
[Site "Online"]
[Date "2020.06.19"]
[Round "5.1"]
[White "Ding, Liren"]
[Black "Radjabov, Teimour"]
[Result "1/2-1/2"]
[WhiteElo "2836"]
[BlackElo "2758"]
[Annotator "TA"]
[PlyCount "56"]
[EventDate "2020.06.20"]
[EventType "tourn"]
[SourceTitle "playchess.com"]
[Source "ChessBase"]
[SourceQuality "1"]

{[%evp 15,56,19,14,9,21,21,16,20,28,30,37,28,34,23,24,30,23,23,21,8,27,17,27,37,33,35,39,12,15,16,25,16,6,16,9,10,8,0,20,0,17,0,23]} 1. c4 c5 2. Nf3 Nc6 3. Nc3 Nf6 4. e3 e6 5. d4 d5 6. cxd5 exd5 7. Be2 cxd4 8. Nxd4 Bd6 9. b3 {[#] D32: Tarrasch Defence: Sidelines and lines without g3.} Qa5 $146 ({Predecessor:} 9... Be5 10. Bb2 Nxd4 11. exd4 Bd6 12. Qc1 O-O 13. Ba3 Bxa3 14. Qxa3 Ne4 15. Qb2 Qg5 16. Bf3 Re8 {0-1 (32) Hayrapetyan,A (2370)-Nguyen,T (2517) Batumi 2018}) 10. Bb2 Be5 11. O-O Bxd4 12. exd4 O-O 13. Rc1 Re8 14. Re1 Bf5 15. Na4 {[%cal Bc3a4,Ba4c5,Bc5a6][%mdl 32]} h6 16. a3 Rac8 17. Nc5 Qc7 18. b4 Qb8 19. f3 Re7 20. Bf1 b6 21. Na6 (21. Nd3 $5 {[%cal Rc1c6]} Rec7 22. Qd2 $14) 21... Rxe1 22. Qxe1 Qf4 23. Qg3 $36 {[%mdl 2048] White has some pressure.} Qe3+ {The position is equal.} 24. Qf2 Qb3 25. Rc3 Qd1 26. Rc1 Qb3 27. Rc3 Qd1 28. Rc1 Qb3 {Accuracy: White = 94%, Black = 100%.} 1/2-1/2

[Event "Chessable Masters by chess24-B"]
[Site "Online"]
[Date "2020.06.19"]
[Round "5.2"]
[White "Caruana, Fabiano"]
[Black "Giri, Anish"]
[Result "0-1"]
[WhiteElo "2773"]
[BlackElo "2731"]
[Annotator "TA"]
[PlyCount "52"]
[EventDate "2020.06.20"]
[EventType "tourn"]
[SourceTitle "playchess.com"]
[Source "ChessBase"]
[SourceQuality "1"]

{[%evp 9,52,8,8,11,14,6,18,13,41,0,20,0,0,0,0,0,0,0,0,-51,-9,-6,0,0,0,0,0,-23,8,-8,0,-64,-10,-92,-74,-96,-94,-98,-68,-72,-66,-95,-99,-622,-620]} 1. e4 e5 2. Nf3 Nc6 3. Bb5 Nf6 4. d3 Bc5 5. Bg5 h6 6. Bh4 {C65: Ruy Lopez: Berlin Defence (3...Nf6), unusual lines and 4 0-0 Bc5.} d6 7. c3 O-O 8. Nbd2 {The position is equal.} g5 9. Bg3 (9. Nxg5 $5 hxg5 10. Bxg5 $11) 9... Nh5 10. Bxc6 bxc6 11. d4 exd4 12. Nxd4 Nxg3 13. hxg3 Qf6 {[#]} 14. Qh5 $146 (14. N2b3 $11) ({Predecessor:} 14. N2b3 Bb6 15. Qf3 Qxf3 16. gxf3 Kg7 17. g4 d5 18. Nf5+ Bxf5 19. gxf5 Rfe8 20. Nd2 Rad8 21. Rd1 dxe4 22. fxe4 Rd5 23. Ke2 Rxf5 24. Rh2 Rf4 25. f3 f5 {0-1 (25) Svidler,P (2738)-Ivanchuk,V (2781) Sochi 2008}) 14... Bxd4 15. cxd4 Qxd4 16. Qxh6 {[%csl Gh1][%cal Rh6h7] [#]} Qg7 17. O-O-O Rb8 {[%csl Gb8][%cal Rg7b2]} 18. e5 dxe5 19. Ne4 $40 {[%mdl 128] Nf6+ would kill now. White is up to no good.} f6 20. f3 (20. Qh5 $1 $11) 20... Bf5 ({Black should play} 20... Qxh6 $15 21. Rxh6 Kg7) 21. Qxg7+ (21. g4 $11 {remains equal.} Bxe4 22. fxe4) 21... Kxg7 $17 22. Nc5 Rb5 23. Na4 Rb4 24. b3 g4 25. Rd2 Rfb8 {aiming for ...Rc4+!} 26. Nc5 $2 {[%mdl 8192] [#]} (26. Rdd1 $17) 26... Rc4+ $1 {[%mdl 576] Double Attack. Accuracy: White = 62%, Black = 73%.} 0-1

[Event "Chessable Masters by chess24-B"]
[Site "Online"]
[Date "2020.06.19"]
[Round "5.3"]
[White "Nepomniachtchi, Ian"]
[Black "Vachier-Lagrave, Maxime"]
[Result "1/2-1/2"]
[WhiteElo "2778"]
[BlackElo "2860"]
[Annotator "TA"]
[PlyCount "113"]
[EventDate "2020.06.20"]
[EventType "tourn"]
[SourceTitle "playchess.com"]
[Source "ChessBase"]
[SourceQuality "1"]

{[%evp 18,113,16,5,18,17,17,14,25,30,22,21,23,22,20,27,27,22,14,17,18,9,29,22,36,36,36,38,35,43,29,19,24,0,6,0,0,0,0,0,0,0,0,0,8,0,28,28,35,37,35,0,35,0,43,43,47,43,69,37,69,69,69,69,69,69,97,61,54,10,10,27,10,22,50,46,43,39,25,31,44,0,0,0,0,0,0,0,0,0,0,0,0,0,0,0,0,0]} 1. e4 e5 2. Nf3 Nc6 3. Bb5 a6 4. Ba4 Nf6 5. O-O Be7 6. d3 b5 7. Bb3 d6 8. a3 O-O 9. Nc3 Bg4 {9...Na5 is more advanced technology. Played by Wesley So in May 2020.} 10. Be3 Nd4 {C84: Closed Ruy Lopez: Unusual White 6th moves.} 11. Bxd4 exd4 12. Nd5 Nxd5 13. Bxd5 Rc8 14. Bc6 Bf6 15. a4 Rb8 16. axb5 axb5 {[#]} 17. Re1 $146 ({Predecessor:} 17. h3 Bc8 18. Ra7 Rb6 19. Bd5 c6 20. Bb3 Ra6 21. Rxa6 Bxa6 22. Nh2 d5 23. Qa1 {0-1 (35) Firouzja,A (2702)-Aronian,L (2758) chess.com INT 2019}) 17... Rb6 18. Bd5 c6 19. Bb3 d5 20. h3 Bc8 21. exd5 cxd5 22. Qd2 Qd6 23. Ra8 h6 24. Qa5 Be6 25. Rxf8+ Kxf8 26. Qa8+ Rb8 27. Qa7 Rb6 28. Ra1 g5 29. Qa3 Qxa3 30. Rxa3 h5 31. Kf1 Rb8 32. Ra7 Kg7 33. Ng1 Be5 34. Nf3 Bf6 35. Ng1 Be5 36. Ra6 g4 37. h4 Bc8 38. Ra7 Be6 39. Ne2 Kf6 40. g3 Rb6 41. Ra8 Rb8 42. Ra6 Ke7 43. Ke1 Kd7 44. Nf4 Bxf4 45. gxf4 $11 {[%mdl 4096] Endgame KRB-KRB} Kc7 46. f5 Bxf5 47. Bxd5 Re8+ 48. Kd2 Be6 49. Bxe6 (49. Bg2 {feels hotter.} Rb8 50. Rc6+ Kd7 51. Rc5 f5 52. Bc6+) 49... fxe6 $14 {KR-KR. The position is equal.} 50. Ke2 Kb7 51. Rd6 Rc8 52. Kd2 Rf8 53. Ke1 Rc8 54. Kd1 Rf8 55. Ke1 Rc8 56. Kd1 Rf8 57. Ke1 {Accuracy: White = 90%, Black = 87%.} 1/2-1/2

[Event "Chessable Masters by chess24-B"]
[Site "Online"]
[Date "2020.06.19"]
[Round "6.1"]
[White "Ding, Liren"]
[Black "Caruana, Fabiano"]
[Result "1/2-1/2"]
[WhiteElo "2836"]
[BlackElo "2773"]
[Annotator "TA"]
[PlyCount "101"]
[EventDate "2020.06.20"]
[EventType "tourn"]
[SourceTitle "playchess.com"]
[Source "ChessBase"]
[SourceQuality "1"]

{[%evp 9,101,-10,-11,-10,32,0,0,1,14,6,7,10,10,16,10,12,11,8,10,-12,2,-36,-27,-37,-33,-40,-33,-31,-41,-37,-42,-104,-80,-148,-140,-161,-152,-157,-151,-141,-155,-203,-187,-236,-235,-270,-260,-272,-270,-259,-158,-266,-236,-344,-336,-331,-279,-278,-275,-264,-246,-245,-239,-239,-237,-231,-114,-115,-56,-56,-56,-62,-56,-56,-56,-56,-56,-56,-49,-49,-49,-49,-27,-31,0,0,0,0,0,0,0,0,0,0]} 1. Nf3 d5 2. g3 g6 3. c4 (3. Bg2 Bg7 4. d4 Nf6 5. c4 c6 6. cxd5 cxd5 7. Nc3 O-O 8. Ne5 e6 9. Bg5 h6 10. Bf4 Nfd7 11. O-O Nxe5 12. Bxe5 Bxe5 13. dxe5 Nc6 14. Qd2 Kg7 15. Rad1 b6 16. f4 Ba6 17. Rf3 {1-0 (44) Ding,L (2791)-Caruana,F (2835) chess24.com INT 2020}) 3... dxc4 4. Na3 Bg7 5. Nxc4 Nc6 6. d3 {A09: Réti Opening: 1 Nf3 d5 2 c4.} Nh6 {[#]} 7. h4 $146 ({Predecessor:} 7. Bg2 O-O 8. O-O Nf5 9. Bd2 Nd6 10. Nxd6 cxd6 11. Bc3 Qb6 12. Qa4 d5 13. Bxg7 Kxg7 {½-½ (41) Lenderman,A (2599)-Shankland,S (2671) Saint Louis 2018}) 7... Be6 8. Bd2 Ng4 9. Bg2 h5 10. O-O O-O 11. Rc1 Bd5 12. b4 Qd7 13. a4 a6 14. Qc2 Rac8 15. e3 b5 {aiming for ...Bxf3.} 16. axb5 axb5 17. e4 Be6 18. Ne3 Nxe3 19. fxe3 Ne5 $36 {[%cal Bc6e5,Be5c4,Bc4d2][%mdl 2080] Black fights for an advantage.} 20. d4 (20. Nxe5 $15 Bxe5 21. Be1) 20... Nc4 $1 $17 21. Ng5 (21. Kh2 $142) 21... Bg4 $1 22. e5 {[#]} Bxe5 $1 {[%mdl 512]} 23. dxe5 Qxd2 24. Qxd2 Nxd2 25. Rf2 Nc4 {[%mdl 64] Double Attack} 26. Bd5 {[%cal Rd5f7]} Nxe5 27. Rc5 {[#]} c6 $1 {[%cal Rc6d5]} 28. Be6 Nd3 ({Don't take} 28... fxe6 29. Rxe5 Rxf2 30. Kxf2 $19) 29. Bxc8 Nxf2 ({Weaker is} 29... Bxc8 30. Rxc6 Nxf2 31. Kxf2 $17) 30. Bxg4 (30. Rxc6 $17 {was worth a try.} Rxc8 31. Rxc8+ Bxc8 32. Kxf2) 30... Nxg4 $19 31. Rxc6 (31. e4 $142) 31... Nxe3 {[%mdl 4096] Endgame KRN-KRN} 32. Rb6 Rc8 33. Rxb5 Rc2 34. Rb7 Nf5 35. b5 Rb2 ({Not} 35... Nxg3 36. Rxe7 Rb2 37. Rxf7 $15) 36. b6 Kg7 37. Ne4 Rb5 (37... Rb4 $19 {is more deadly.} 38. Nc5 Nxg3) 38. Rb8 Nd6 (38... Rb1+ $17 39. Kf2 Rb2+ 40. Kf3 Nd4+ 41. Ke3 Nc6) 39. Nxd6 $15 exd6 {KR-KR} 40. b7 Kf6 {...Kf5 is the strong threat.} 41. Rd8 Rxb7 42. Rxd6+ Kf5 {Hoping for ...Kg4.} 43. Kg2 f6 44. Ra6 $1 Rb5 45. Ra2 g5 46. Rf2+ Kg4 {And now ...Rb3 would win.} 47. Rxf6 {The position is equal.} Rb2+ 48. Rf2 Rxf2+ 49. Kxf2 gxh4 50. gxh4 Kxh4 51. Kg2 {Whites escaped into a draw. Accuracy: White = 73%, Black = 83%.} 1/2-1/2

[Event "Chessable Masters by chess24-B"]
[Site "Online"]
[Date "2020.06.19"]
[Round "6.2"]
[White "Radjabov, Teimour"]
[Black "Nepomniachtchi, Ian"]
[Result "1/2-1/2"]
[WhiteElo "2758"]
[BlackElo "2778"]
[Annotator "TA"]
[PlyCount "168"]
[EventDate "2020.06.20"]
[EventType "tourn"]
[SourceTitle "playchess.com"]
[Source "ChessBase"]
[SourceQuality "1"]

{[%evp 13,168,0,0,-8,22,32,38,24,43,39,37,22,26,41,28,28,30,28,29,21,15,13,38,32,25,31,24,23,41,18,27,20,34,22,31,20,30,40,35,23,52,15,26,0,35,50,50,19,24,11,38,42,512,512,475,164,510,483,454,428,480,478,468,464,435,421,394,147,344,250,225,225,182,160,397,375,391,390,383,364,285,205,306,0,170,0,0,0,0,0,0,0,0,0,0,0,0,0,0,0,0,0,0,0,0,0,0,0,0,0,0,0,0,0,0,0,0,0,0,0,0,0,0,0,0,0,5,5,137,137,169,169,510,489,486,465,465,366,352,322,280,0,0,0,0,0,0,0,0,0,270,0,0,0,0,0,0]} 1. d4 Nf6 2. c4 e6 3. Nf3 d5 4. Nc3 c5 5. e3 Nc6 6. cxd5 Nxd5 7. Bd3 Be7 $1 {7...Be7 scores better than 7...cxd4.} 8. a3 {D42: Queen's Gambit Declined: Semi-Tarrasch: 5 cxd5 Nxd5 6 e3 Nc6 7 Bd3 .} O-O 9. Nxd5 Qxd5 10. Qc2 {White is slightly better.} h6 {[%cal Rc5d4] [#]} 11. Be4 $146 ({Predecessor:} 11. Bh7+ Kh8 12. Be4 Qd6 13. dxc5 Qxc5 14. Qxc5 Bxc5 15. b4 Be7 16. Bb2 Bd7 17. Ke2 {1-0 (32) Cheparinov,I (2696)-Mastrovasilis,D (2596) Tbilisi 2017}) 11... Qd6 {[%cal Rc5d4]} 12. dxc5 Qxc5 13. Qxc5 Bxc5 14. b4 Be7 15. Bb2 Bd7 16. Ke2 Rfd8 17. Rhd1 f5 18. Bc2 Bf6 19. Bxf6 gxf6 20. Rac1 Kf7 21. Bb3 Ke7 22. Rc5 Be8 23. Rxd8 (23. Rdc1 {feels hotter.} a6 24. Ba4 Rd6 25. Kf1 Rd3 26. Bxc6 Bxc6 27. Nd4) 23... Rxd8 24. h3 h5 25. g3 Rd6 26. Bc2 a6 27. Bd3 Bd7 28. Rc3 Ne5 (28... e5 $5 {[%cal Re5e4]} 29. Nh4 e4 $11) 29. Nxe5 fxe5 $14 {[%mdl 4096] Endgame KRB-KRB} 30. e4 Kf6 31. Rc5 {aiming for f4.} Rc6 (31... Rd4 {is interesting.} 32. exf5 exf5 33. Rc7 e4 34. Bc2 Bc6) 32. Ke3 b5 $2 {[%mdl 8192]} (32... h4 $14) 33. Rxc6 $1 $18 Bxc6 {KB-KB} 34. h4 $1 Kg6 $2 (34... Be8 35. f4 fxe4 36. Bxe4 Bf7) 35. Bc2 Kf6 36. Bd1 Bxe4 37. Bxh5 Bb7 38. Be2 Bc6 39. f3 Bd5 40. Bd3 $2 (40. f4 $18 {and White stays clearly on top.} Bc6 41. h5) 40... Bc6 $2 (40... Bb3 $16 41. g4 Bd1) 41. Bc2 Be8 42. g4 Bg6 43. Bd3 f4+ $2 (43... Be8 $16 {is a better defense.} 44. Bc2 Bg6) 44. Ke2 {Strongly threatening Bxg6.} e4 45. fxe4 {Threatens to win with e5+!} e5 46. Kf2 Bf7 47. Be2 Be6 (47... Kg6 $142 48. Bd1 Ba2) 48. Ke1 $2 ({Better is} 48. Bd1 $18) 48... Kg6 $2 (48... Bd7 $1 $11) 49. Kd2 $2 (49. Bd1 $18) 49... Kf6 50. Kc3 Kg6 51. Kd2 Bc8 52. Bd1 Bb7 53. Kd3 Bc8 54. Bf3 Be6 55. Kd2 Bc8 56. Kc3 Bd7 57. Kc2 Bc8 58. Kd1 Bd7 59. Ke1 Bc6 60. Kf1 Bb7 61. Kg1 Bc6 62. Kh1 Bb7 63. Kh2 Bc6 64. Bg2 Bb7 65. Kg1 Bc8 66. Bf3 Bb7 67. Kf2 Bc6 68. Bg2 Bd7 69. Kf3 Be6 70. Bf1 Bc4 (70... Bb3 $11 {keeps the balance.}) 71. Be2 $16 Bb3 72. Kf2 Bc2 $2 (72... Be6 {is more resistant.} 73. Bd1 Kh6) 73. Bf3 $1 $18 Bb3 74. g5 Be6 75. Bd1 $1 Bd7 76. Bb3 $1 Be8 {[#] intending ...Kh5.} 77. Bd1 $2 (77. Be6 $1 $18) 77... Bc6 78. Bf3 Bd7 79. Ke1 Bc6 80. Kf1 Bd7 81. Kg2 Bc8 $2 {[%mdl 8192] [#]} (81... Bc6 $11) 82. Kf2 $2 (82. Bd1 $1 $18) 82... Bd7 $11 {The position is equal.} 83. Bd1 Bc6 $1 84. Bf3 Bd7 {Black escapes into a draw. Accuracy: White = 86%, Black = 67%.} 1/2-1/2

[Event "Chessable Masters by chess24-B"]
[Site "Online"]
[Date "2020.06.19"]
[Round "6.3"]
[White "Giri, Anish"]
[Black "Vachier-Lagrave, Maxime"]
[Result "1/2-1/2"]
[WhiteElo "2731"]
[BlackElo "2860"]
[Annotator "TA"]
[PlyCount "60"]
[EventDate "2020.06.20"]
[EventType "tourn"]
[SourceTitle "playchess.com"]
[Source "ChessBase"]
[SourceQuality "1"]

{[%evp 19,60,0,0,4,44,47,39,46,54,37,40,41,43,41,35,24,34,29,15,10,14,13,14,18,12,3,4,2,4,0,0,6,12,12,10,8,15,0,0,0,8,0,0]} 1. d4 d5 2. c4 c6 3. Nf3 Nf6 4. Nc3 e6 5. e3 Nbd7 6. Qc2 Bd6 7. b3 O-O 8. Be2 b6 9. O-O Bb7 10. Bb2 Qe7 11. Rfe1 {D45: Semi-Slav: 5 e3.} e5 $5 {[%mdl 4] [#] A promising side line.} 12. dxe5 $146 ({Predecessor:} 12. cxd5 Nxd5 13. Nxd5 cxd5 14. dxe5 Nxe5 15. Nxe5 Bxe5 16. Bg4 f5 17. Bf3 Rac8 18. Qd2 Bxb2 19. Qxb2 {½-½ (46) Franco Ocampos,Z (2500)-Di Donna,M Turin 1983}) 12... Nxe5 13. cxd5 {White is slightly better.} cxd5 14. Nb5 Rfc8 15. Qf5 {[%cal Rf3e5]} g6 16. Qg5 Nxf3+ 17. Bxf3 Ne4 18. Qxe7 Bxe7 19. Rec1 {The position is equal.} a6 20. Nd4 h5 21. Be2 Bf6 22. f3 Nc5 23. Kf2 Re8 24. Bf1 Re7 25. Rc2 Bg5 26. Re1 Rae8 {[%cal Rg5e3]} 27. Bc1 Bf6 {White should prevent ...Bxd4.} 28. Bb2 Bg5 {[%cal Rg5e3]} 29. Bc1 Bf6 {Threatening ...Bxd4.} 30. Bb2 Bg5 {Accuracy: White = 100%, Black = 94%.} 1/2-1/2

[Event "Chessable Masters by chess24-B"]
[Site "Online"]
[Date "2020.06.19"]
[Round "7.1"]
[White "Giri, Anish"]
[Black "Ding, Liren"]
[Result "1-0"]
[WhiteElo "2731"]
[BlackElo "2836"]
[Annotator "TA"]
[PlyCount "71"]
[EventDate "2020.06.20"]
[EventType "tourn"]
[SourceTitle "playchess.com"]
[Source "ChessBase"]
[SourceQuality "1"]

{[%evp 21,71,20,30,31,30,6,16,10,16,8,10,0,0,0,-11,-29,-17,-20,-7,-8,-2,-5,0,0,0,0,0,0,0,0,74,55,72,12,23,10,43,37,62,45,74,74,74,72,74,74,90,0,0,0,0,1]} 1. e4 c5 2. Nf3 d6 3. Bb5+ Bd7 4. Bxd7+ Qxd7 5. c4 Nf6 6. Nc3 Nc6 7. d4 cxd4 8. Nxd4 g6 9. f3 Bg7 10. Be3 O-O 11. O-O a6 12. Qd3 $1 {[%mdl 4] is more profitable than 12.a4 at the moment. B52: Sicilian: Moscow Variation with 3...Bd7.} Rab8 13. b3 Nxd4 14. Bxd4 b5 15. cxb5 axb5 {[#]} 16. Rfe1 $5 $146 {[%mdl 8] An interesting novelty.} ({Predecessor:} 16. a4 bxa4 17. bxa4 Rb4 18. Rfb1 Rxb1+ 19. Rxb1 Ra8 20. Bb6 Qc6 21. a5 e6 22. Nb5 {½-½ (22) Eckhardt,T (2468)-Mignon,F (2428) ICCF email 2017}) 16... Rfc8 17. Rad1 b4 18. Nd5 Nxd5 19. exd5 Bxd4+ 20. Qxd4 Rc2 21. Rd2 Rbc8 22. h3 Rc1 23. Rxc1 Rxc1+ $11 {[%mdl 4096] Endgame KQR-KQR} 24. Kh2 Qb5 25. Qe4 Qc5 (25... Kf8 $11) 26. Qxe7 $16 h5 {and if ...h4! works, Black does fine.} 27. h4 ({White should play} 27. Kg3 $16) 27... Kg7 28. Qe4 Qc3 29. Qd4+ Qxd4 30. Rxd4 $14 {KR-KR} Rc2 31. Rxb4 {Strongly threatening a4.} Rxa2 {[#]} 32. Rb6 $1 Ra5 33. Rxd6 Rb5 34. g4 (34. Kg3 $16) 34... hxg4 $11 35. fxg4 Rxb3 36. h5 {[%mdl 32768] Accuracy: White = 89%, Black = 88%. . Loss on time!?} 1-0